00432nam a2200133 a 450000100100000000500170001000800410002702000150006804000250008324500830010826000500019130000280024170000290026900003415320200930070823.0110926s2007 cl a 000 0 spa d a9974800838 aDO-SdBNPbspacBNPHU03aLa salud y la cocina :bnutrición y prevención /cMarta Lucía Chiglioni. aBogotá :bArquetipo Grupo Editorial,c2007. a360 p. :bil. ;c30 cm.1 aChiglioni, Marta Lucía